| 000 | 00840nam a2200193 a 4500 | ||
|---|---|---|---|
| 001 | 51527 | ||
| 005 | 20180714041016.0 | ||
| 008 | 140415d 000 0 eng d | ||
| 020 | _a9780240808222 | ||
| 041 | _aeng | ||
| 082 |
_a006.78 _bGAR |
||
| 100 | 1 | _aGARRAND, TIMOTHY | |
| 245 | 1 | 0 |
_aWRITING FOR MULTIMEDIA AND THE WEB : _bA PRACTICAL GUIDE TO CONTENT DEVELOPMENT FOR INTERACTIVE MEDIA |
| 250 | _a1a ed. | ||
| 260 |
_a[s.l.] : _bELSEVIER, _c[s.f.] |
||
| 300 |
_a511 _c19 x 2.2 x 24.6 |
||
| 520 | _aLEARNIGN HOW TO WRITE FOR JUST ONE TYPE OF INTERACTIVE MEDIA, SUCH AS WEB SITES OR GAMES, IS NOT ENOUGH-TOBE TRULY SUCDESSFUL AS AN INTERCTIVE WRITER OR DESIGNER, YOU NEED TO UNDERSTAND HOW TO CREATE CONTENT FOR ALL TYPES OF NEW MEDIA | ||
| 650 | 1 | 4 |
_aMULTIMEDIA _xWORLD WIDE WEB (SERVICIO DE INFORMACION SOBRE REDES) |
| 999 |
_c51527 _d51527 |
||